| 000 | 00630nam a2200217Ia 4500 | ||
|---|---|---|---|
| 008 | 180628s9999 xx 000 0 und d | ||
| 020 | _a978-971-27-3170-9 | ||
| 050 | _aCUL TX 349 | ||
| 050 | _b.P65 2016 | ||
| 100 | _aPolistico, Edgie. | ||
| 245 | 0 | _aPhilippine food, cooking & dining dictionary / | |
| 245 | 0 | _cEdgie Polistico. | |
| 260 | _aPasig : | ||
| 260 | _bAnvil Publishing, | ||
| 260 | _c2016 | ||
| 300 | _a379 pages : | ||
| 300 | _c28 cm. | ||
| 500 | _aIncludes bibliographical references and index. | ||
| 650 | _aFood -- philippines -- Dictionaries. | ||
| 650 | _xCooking -- Philippines -- Dictionaries. | ||
| 999 |
_c358102 _d358102 |
||